Home Print Resources E-Books E-Journals IIMT Lecture Series Library Membership Form Book Recommendation Form Campus Tour Take AdmissionAbout Us Contact Us

ORAGANIZATION BEHAVIOUR (Record no. 8042)

000 -LEADER
fixed length control field 00337nam a2200145Ia 4500
003 - CONTROL NUMBER IDENTIFIER
control field OSt
005 - DATE AND TIME OF LATEST TRANSACTION
control field 20240209102717.0
008 - FIXED-LENGTH DATA ELEMENTS--GENERAL INFORMATION
fixed length control field 170524s9999 xx 000 0 und d
020 ## - INTERNATIONAL STANDARD BOOK NUMBER
International Standard Book Number 8180548414
040 ## - CATALOGING SOURCE
Transcribing agency IIMT UNIVERSITY
100 ## - MAIN ENTRY--PERSONAL NAME
Personal name PRASAD- LM
245 #0 - TITLE STATEMENT
Title ORAGANIZATION BEHAVIOUR
260 ## - PUBLICATION, DISTRIBUTION, ETC.
Name of publisher, distributor, etc. GALGOTIA PUB. HOUSE
942 ## - ADDED ENTRY ELEMENTS (KOHA)
Source of classification or shelving scheme
Koha item type Book Bank
Holdings
Withdrawn status Lost status Source of classification or shelving scheme Damaged status Not for loan Home library Current library Date acquired Barcode Date last seen Uniform Resource Identifier Price effective from Koha item type Total Checkouts Date last checked out
          IIMT University Central Library Meerut IIMT University Central Library Meerut 05/31/2017 01-B-85876 05/31/2017 MANAGEMENT 05/31/2017 Book Bank    
          IIMT University Central Library Meerut IIMT University Central Library Meerut 05/31/2017 01-B-85877 05/31/2017 MANAGEMENT 05/31/2017 Book Bank    
          IIMT University Central Library Meerut IIMT University Central Library Meerut 05/31/2017 01-B-85878 05/31/2017 MANAGEMENT 05/31/2017 Book Bank    
          IIMT University Central Library Meerut IIMT University Central Library Meerut 05/31/2017 01-B-85879 05/31/2017 MANAGEMENT 05/31/2017 Book Bank    
          IIMT University Central Library Meerut IIMT University Central Library Meerut 05/31/2017 01-B-85880 05/31/2017 MANAGEMENT 05/31/2017 Book Bank    
          IIMT University Central Library Meerut IIMT University Central Library Meerut 05/31/2017 01-B-85881 05/31/2017 MANAGEMENT 05/31/2017 Book Bank    
          IIMT University Central Library Meerut IIMT University Central Library Meerut 05/31/2017 01-B-85882 05/31/2017 MANAGEMENT 05/31/2017 Book Bank    
          IIMT University Central Library Meerut IIMT University Central Library Meerut 05/31/2017 01-B-85883 05/31/2017 MANAGEMENT 05/31/2017 Book Bank    
          IIMT University Central Library Meerut IIMT University Central Library Meerut 05/31/2017 01-B-85884 07/03/2025 MANAGEMENT 05/31/2017 Book Bank 2 03/04/2025
          IIMT University Central Library Meerut IIMT University Central Library Meerut 05/31/2017 01-B-85885 05/31/2017 MANAGEMENT 05/31/2017 Book Bank    
IIMT, Central Library. All Rights Reserved IIMT,UNIVERSITY © 2023
Implemented and Customised by I CLOUDE EMS
You Are OPAC Visitor No
free web counter

Powered by Koha